موسکراہٹیں / (Record no. 172452)

MARC details
000 -LEADER
fixed length control field 00480nam a22001817a 4500
005 - DATE AND TIME OF LATEST TRANSACTION
control field 20200205152719.0
010 ## - LCCN (DPL NO)
LC control number A-373029
020 ## - INTERNATIONAL STANDARD BOOK NUMBER
International Standard Book Number 8185243166
035 ## - SYSTEM CONTROL NUMBER
System control number A-373029
037 ## - SOURCE OF ACQUISITION
Source of stock number/acquisition BPPD/Pub.
082 ## - DEWEY DECIMAL CLASSIFICATION NUMBER
Classification number 847
245 ## - TITLE STATEMENT
Title موسکراہٹیں /
Statement of responsibility, etc تبسم
246 ## - VARYING FORM OF TITLE
Title proper/short title Muskaraahten (Urdu) /
Remainder of title by Tabassum
260 ## - PUBLICATION, DISTRIBUTION, ETC. (IMPRINT)
Date of publication, distribution, etc 1989 ء
Place of publication, distribution, etc New Delhi
Name of publisher, distributor, etc Publications India
270 ## - ADDRESS
Address -
City -
Postal code -
300 ## - PHYSICAL DESCRIPTION
Extent 128p.
Dimensions 24cm(Hb)
942 ## - ADDED ENTRY ELEMENTS (KOHA)
Source of classification or shelving scheme Dewey Decimal Classification
Item type Urdu Bks
Classification part 847
Call number suffix ت ب س
Holdings
Withdrawn status Lost status Not for loan Collection code Home library Current library Date acquired Source of acquisition Full call number Barcode Copy number Koha item type
      Non-fiction Central Library Central Library 05/02/2020 BPPD/Ven. 847 ت ب س A-373029 1 Urdu Bks

© Delhi Public Library
Hit Counter
free hit counter